| 000 | 00000nam 2200000zi 4500 |
| 001 | 9.947491 |
| 003 | CaOODSP |
| 005 | 20250130101745 |
| 006 | m o d f |
| 007 | cr bn||||||||| |
| 008 | 250129e197211##oncado ob f000 0 eng d |
| 040 | |aCaOODSP|beng|erda|cCaOODSP |
| 043 | |an-cn--- |
| 086 | 1 |aDR52-19/4-1972E-PDF |
| 100 | 1 |aMaret, Karl, |eauthor. |
| 245 | 10|aVibration measurements in selected armoured vehicles / |cCaptain Karl H. Maret, Lieutenant John Winship. |
| 264 | 1|aDownsview, Ontario : |bDefence and Civil Institute of Environmental Medicine, Operational Life Support Unit : |bDefence Research Board - Department of National Defence - Canada, |cNovember 1972. |
| 300 | |a1 online resource (iii, 24 pages, 2 unnumbered pages) : |billustrations, graphs, photographs. |
| 336 | |atext|btxt|2rdacontent |
| 337 | |acomputer|bc|2rdamedia |
| 338 | |aonline resource|bcr|2rdacarrier |
| 490 | 1 |aDCIEM report ; |vno. 897 |
| 500 | |a"Unclassified." |
| 500 | |aDigitized edition from print [produced by Defence R&D Canada]. |
| 504 | |aIncludes bibliographical references (page 13). |
| 520 | 3 |a"This study investigated the triaxial vibration environment in armoured vehicles to determine the characteristics of the vibration to which crewmen are exposed. Vehicles tested included the M113 Armoured Personnel Carrier, the M109 Self-propelled Howitzer, the M113½ Lynx, the Centurion Tank and the M548 Cargo Carrier, all travelling over snow-packed roads. A magnetic tape data acquisition system and a real-time method of analysis is described. The vibration spectra are compared to proposed I.S.O. vibration exposure standards to determine Fatigue and/or Decreased Proficiency Boundaries and Exposure Limits. Results indicate that the length of ride in these vehicles should be limited if the Fatigue Boundaries and Exposure Limits are not to be exceeded. Limitations of the present study are outlined and recommendations for future studies are made"--Abstract, page iii. |
| 650 | 0|aArmored vehicles, Military|xVibration|zCanada. |
| 650 | 0|aVibration|xMeasurement. |
| 650 | 0|aVibration|xPhysiological effect|zCanada. |
| 650 | 6|aEngins blindés|xVibrations|zCanada. |
| 650 | 6|aVibration|xMesure. |
| 650 | 6|aVibration|xEffets physiologiques|zCanada. |
| 710 | 2 |aDefence and Civil Institute of Environmental Medicine (Canada), |eissuing body. |
| 710 | 1 |aCanada. |bDefence Research Board, |eissuing body. |
| 830 | #0|aDCIEM report ;|vno. 897.|w(CaOODSP)9.941842 |
| 856 | 40|qPDF|s919 KB|uhttps://publications.gc.ca/collections/collection_2025/rddc-drdc/DR52-19-4-1972-eng.pdf |
| 986 | |a19838 |